000 00579nam a22002297a 4500
003 UA-OsUOA
001 64164
007 ta
008 20091102b un ||||| |||| 00| 0 ukr d
100 _aЖаботинський В.
090 _a323.1(477)
_bЖ12
942 _cBK
040 _aUA-OsUOA
_bukr
_cUA-OsUOA
_dUA-OsUOA
245 _aВибрані статті з національного питання
300 _a135 с.
955 _a1
041 _aukr
080 _a323.1(477)
260 _aК.
_c1983
650 7 _a32 Політика
_2UDC
999 _c350170
_d350170